Normal view
MARC view
Entry Personal Name
001 - CONTROL NUMBER
- control field: 7159
003 - CONTROL NUMBER IDENTIFIER
- control field: BD-RjUL
005 - DATE AND TIME OF LATEST TRANSACTION
- control field: 20230315114204.0
008 - FIXED-LENGTH DATA ELEMENTS
- fixed length control field: 230315|| aca||aabn | a|a d
040 ## - CATALOGING SOURCE
- Original cataloging agency: BD-RjUL
- Transcribing agency: BD-RjUL
100 ## - HEADING--PERSONAL NAME
- Personal name: MANON, MD. RASHED
670 ## - SOURCE DATA FOUND
- Source citation: Work cat.: (BD-RjUL)81291: MANON, MD. RASHED, Reproductive Biology and Biochemical composition of CYPRINUS CARPIO VAR. SPECULARIS (LACEPEDE, 1803) in Atrai River of Northwestern Bangladesh :, 2016